| 000 | 00561nam a2200181Ia 4500 | ||
|---|---|---|---|
| 008 | 090123s9999 xx 000 0 und d | ||
| 082 |
_b6605 _a891.463/भावे |
||
| 100 | _aभावे पु. भा. | ||
| 245 | _aरखमाच्या मुली | ||
| 250 | _a1 | ||
| 260 | _bमेनका प्रकाशन | ||
| 300 | _a108 | ||
| 600 | _aभावे पु. भा. | ||
| 630 | _aरखमाच्या मुली | ||
| 700 | _aभावे पु. भा. | ||
| 730 | _aरखमाच्या मुली | ||
| 942 | _cBOOK | ||
| 999 |
_c44670 _d44670 |
||